High frequency over-the-horizon radar : (Record no. 592311)

000 -LEADER
fixed length control field 01554cam a2200313 i 4500
001 - CONTROL NUMBER
control field 17745746
003 - CONTROL NUMBER IDENTIFIER
control field NUST
005 - DATE AND TIME OF LATEST TRANSACTION
control field 20221115122607.0
008 - FIXED-LENGTH DATA ELEMENTS--GENERAL INFORMATION
fixed length control field 130520s2013 nyua b 001 0 eng
010 ## - LIBRARY OF CONGRESS CONTROL NUMBER
LC control number 2013015637
020 ## - INTERNATIONAL STANDARD BOOK NUMBER
International Standard Book Number 9780071621274 (hardcover: alk. paper)
040 ## - CATALOGING SOURCE
Original cataloging agency DLC
Language of cataloging eng
Transcribing agency DLC
Description conventions rda
042 ## - AUTHENTICATION CODE
Authentication code pcc
050 00 - LIBRARY OF CONGRESS CALL NUMBER
Classification number TK6592.O94
Item number F33 2013
082 00 - DEWEY DECIMAL CLASSIFICATION NUMBER
Classification number 621.3848, FAB
Edition number 23
100 1# - MAIN ENTRY--PERSONAL NAME
Personal name Fabrizio, Giuseppe Aureliano,
Relator term author.
9 (RLIN) 69552
245 10 - TITLE STATEMENT
Title High frequency over-the-horizon radar :
Remainder of title fundamental principles, signal processing, and practical applications /
Statement of responsibility, etc. Giuseppe Aureliano Fabrizio.
250 ## - EDITION STATEMENT
Edition statement First edition.
264 #1 - PRODUCTION, PUBLICATION, DISTRIBUTION, MANUFACTURE, AND COPYRIGHT NOTICE
Place of production, publication, distribution, manufacture New York :
Name of producer, publisher, distributor, manufacturer McGraw-Hill Education,
Date of production, publication, distribution, manufacture, or copyright notice [2013]
300 ## - PHYSICAL DESCRIPTION
Extent xxii, 922 pages :
Other physical details illustrations ;
Dimensions 24 cm
336 ## - CONTENT TYPE
Content type term text
Source rdacontent
337 ## - MEDIA TYPE
Media type term unmediated
Source rdamedia
338 ## - CARRIER TYPE
Carrier type term volume
Source rdacarrier
505 0# - FORMATTED CONTENTS NOTE
Formatted contents note Introduction (Page-1), Skywave propagation (Page-45),System characteristics (Page-121),Conventional processing (Page-215),Surface-wave radar (Page-323),Wave-interference model (Page-433),Statistical signal model (Page-475),HF channel simulator (Page-523),Interference cancellation analysis (Page-555),Adaptive beamforming (Page-583),Space-time adaptive processing (Page-651),GLRT detection schemes (Page-707),Blind waveform estimation (Page-771).
650 #0 - SUBJECT ADDED ENTRY--TOPICAL TERM
Topical term or geographic name entry element Over-the-horizon radar.
9 (RLIN) 102631
906 ## - LOCAL DATA ELEMENT F, LDF (RLIN)
a 7
b cbc
c orignew
d 1
e ecip
f 20
g y-gencatlg
942 ## - ADDED ENTRY ELEMENTS (KOHA)
Source of classification or shelving scheme
Koha item type Book
Holdings
Withdrawn status Lost status Source of classification or shelving scheme Damaged status Not for loan Permanent Location Current Location Shelving location Date acquired Full call number Barcode Date last seen Price effective from Koha item type Public note
          Military College of Signals (MCS) Military College of Signals (MCS) Reference 11/15/2022 621.3848,FAB MCS38128 11/15/2022 11/15/2022 Reference Almirah Fresh No.45, Shelf No.4
© 2023 Central Library, National University of Sciences and Technology. All Rights Reserved.